An Address Delivered At The Interment Of Mrs. Harriet Storrs, Consort Of Rev. Richard S. Storrs, Braintree, Mass. July 11, 1834.

Saved in:
Bibliographic Details
Main Author: Codman, John Thomas
Format: Electronic eBook
Language:English
Published: Project Gutenberg, 2011
Series:Project Gutenberg 36332
Online Access:http://www.gutenberg.org/etext/36332
Rights
Tags: Add Tag
No Tags, Be the first to tag this record!
Call Number :

MARC

LEADER 00000cam a22000003a 4500
001 69687
003 MY-KLNDU
005 20241219030750.0
008 110605s2011||||xxu|||||s|||||000 | eng d
035 |a (PGUSA)36332 
039 9 |a 202104081235  |b VLOAD  |c 202104051319  |d VLOAD  |y 202104022237  |z VLOAD 
040 |a PGUSA  |b eng 
042 |a dc 
100 1 |a Codman, John Thomas 
245 1 3 |a An Address Delivered At The Interment Of Mrs. Harriet Storrs, Consort Of Rev. Richard S. Storrs, Braintree, Mass. July 11, 1834.  |h [electronic resource] /  |c by John Thomas Codman 
260 |b Project Gutenberg,  |c 2011 
500 |a Project Gutenberg 
506 |a Freely available. 
516 |a Electronic text 
599 |a Dummy Record 
830 0 |a Project Gutenberg  |v 36332 
856 4 0 |u http://www.gutenberg.org/etext/36332 
856 4 2 |u http://www.gutenberg.org/license  |3 Rights 
999 |a vtls000082372  |c 69687  |d 69687